[Event "Capablanca Memorial op-B 45th"]
[Site "Havana"]
[Date "2011.05.17"]
[Round "6"]
[White "Chacon Pavon, Joel"]
[Black "Leon Valdes, Jony Wilson"]
[Result "1/2-1/2"]
[WhiteElo "2049"]
[BlackElo "2199"]
[PlyCount "73"]
[EventDate "2011.05.11"]
[EventType "swiss"]
[EventRounds "7"]
[EventCountry "CUB"]
[SourceTitle "CBM 142 Extra"]
[Source "ChessBase"]
[SourceDate "2011.06.27"]
[SourceVersion "1"]
[SourceVersionDate "2011.06.27"]
[SourceQuality "1"]

1. d4 e6 2. c4 f5 3. g3 Nf6 4. Bg2 d5 5. Nh3 c6 6. 0-0 Be7 7. b3 0-0 8. Ba3 b5 9. Bxe7 Qxe7 10. cxb5 cxb5 11. Nc3 Bd7 12. Nf4 Kh8 13. Rc1 Na6 14. Nd3 Rfc8 15. Qd2 b4 16. Nb1 Bb5 17. Ne5 Qb7 18. Qe3 Qb6 19. Nd2 Kg8 20. h3 Qd6 21. g4 Bd7 22. g5 Ne8 23. h4 Rxc1 24. Rxc1 Rc8 25. Ndf3 Rc7 26. Bf1 Bb5 27. h5 Nb8 28. Rc5 a6 29. g6 h6 30. Nf7 Qe7 31. N3e5 Nf6 32. Bg2 Rxc5 33. dxc5 Nbd7 34. Nxd7 Qxd7 35. Bf3 Ne8 36. Qf4 a5 37. Qb8 1/2-1/2

[Event "Capablanca Memorial op-B 45th"]
[Site "Havana"]
[Date "2011.05.12"]
[Round "2"]
[White "Chacon Pavon, Joel"]
[Black "Perez Torres, Youset"]
[Result "1/2-1/2"]
[WhiteElo "2049"]
[BlackElo "2013"]
[PlyCount "50"]
[EventDate "2011.05.11"]
[EventType "swiss"]
[EventRounds "7"]
[EventCountry "CUB"]
[SourceTitle "CBM 142 Extra"]
[Source "ChessBase"]
[SourceDate "2011.06.27"]
[SourceVersion "1"]
[SourceVersionDate "2011.06.27"]
[SourceQuality "1"]

1. d4 g6 2. c4 Nf6 3. Nc3 Bg7 4. e4 d6 5. Nf3 0-0 6. Be2 e5 7. d5 a5 8. Bg5 Na6 9. Nd2 Nc5 10. Qc2 h6 11. Be3 b6 12. f3 Nh5 13. g3 f5 14. 0-0-0 Nf6 15. Bxc5 bxc5 16. Rhg1 fxe4 17. Ndxe4 Nxe4 18. Nxe4 Bd7 19. h4 Rb8 20. Rh1 Qe8 21. Rd2 a4 22. g4 Qf7 23. Bd1 Qf4 24. Qd3 Rb4 25. a3 Rb6 1/2-1/2

[Event "Capablanca Memorial op-B 45th"]
[Site "Havana"]
[Date "2011.05.11"]
[Round "1"]
[White "Chacon Pavon, Joel"]
[Black "Valdivia Pena, Yaima"]
[Result "1-0"]
[WhiteElo "2049"]
[BlackElo "2021"]
[PlyCount "57"]
[EventDate "2011.05.11"]
[EventType "swiss"]
[EventRounds "7"]
[EventCountry "CUB"]
[SourceTitle "CBM 142 Extra"]
[Source "ChessBase"]
[SourceDate "2011.06.27"]
[SourceVersion "1"]
[SourceVersionDate "2011.06.27"]
[SourceQuality "1"]

1. d4 d5 2. c4 e6 3. Nc3 Nf6 4. Bg5 Be7 5. e3 Nbd7 6. Nf3 0-0 7. Rc1 c6 8. Bd3 b6 9. cxd5 exd5 10. 0-0 Bb7 11. Bf5 Re8 12. Qb3 Nf8 13. Rfd1 Ne6 14. Bh4 g6 15. Bh3 Nd7 16. Bxe6 fxe6 17. Bxe7 Qxe7 18. Re1 Rf8 19. e4 Qf7 20. Re3 Rae8 21. Rce1 Kh8 22. Qc2 Kg7 23. Qe2 e5 24. exd5 cxd5 25. Nxe5 Nxe5 26. Rxe5 Rxe5 27. Qxe5+ Qf6 28. Nxd5 Qxe5 29. Rxe5 1-0